000 005430000a22001810004500
041 0 _aSPA
082 0 4 _aG 301.2 H7139i
100 1 _aHofstätter, Peter R.
245 1 0 _aIntroducción a la psicología social / Peter R. Hofstätter
260 _aBarcelona, España : Luis Miracle (ver L. Miracle)
300 _a571 Pag
500 _aTítulo original : Einführung in die sozialpsychologie
001 9271
942 _cBK
999 _c39329
_d39329
336 _atexto
_btxt
_2rdacontent
337 _2rdamedia
_asin mediación
_bn
338 _2rdacarrier
_avolumen
_bnc